Statistics for History of Pakistan

Click here to take the quiz!

General Stats

  • This quiz has been taken 589 times
  • The average score is 14 of 20

Answer Stats

QuestionAnswer% Correct
What country gained independence from Pakistan in 1971?Bangladesh
95%
Over what region has Pakistan had disputes over with India since 1947?Kashmir
90%
What river is considered to be the “cradle of civilization” in Pakistan?Indus
86%
What was the name of the above when it was part of Pakistan?East Pakistan
85%
What Islamist terrorist was killed by the United States military in Abbottabad in 2011?Osama bin Laden
84%
What became the first capital of Pakistan when it gained independent in 1947?Karachi
81%
What three letter word ending in J refers to the period of British rule in
India and Pakistan?
Raj
80%
What female prime minister of Pakistan as assassinated in 2007 in Rawalpindi?Benazir Bhutto
77%
What Pakistani activist for female education won the Nobel Peace Prize in 2014?{Malala} Yousafzai
76%
To what empire did Lahore serve as capital between 1586–1598?{Mughal} Empire
75%
What religion, started in the 15th century, teaches its followers to wear five items,
including a small knife?
Sikhism
74%
What mountain was first reached by Lino Lacedelli and Achille Compagnoni in 1954?K2
71%
What famous cricket player became the prime minister of Pakistan in 2018?Imran Khan
70%
What radical terrorist armed group has been operating in Pakistan since 2007?Taliban
69%
What mountain pass between Pakistan and Afghanistan was an integral part
of the ancient Silk Road?
Khyber Pass
64%
What set of Islamic principles was established on laws 1980?Sharia Law
63%
Who is considered to be the founder of Pakistan?Muhammad Ali Jinnah
61%
What Christian-majority Asian country has Pakistan been the only country in
the world NOT to recognize?
Armenia
53%
Who has been the longest-serving prime minister of Pakistan?Nawaz {Sharif}
50%
What city in Balochistan was largely destroyed by an earthquake with a magnitude
of 7.7 Mw in 1935?
Quetta
45%

Score Distribution

Percentile by Number Answered

Percent of People with Each Score

Your Score History

You have not taken this quiz